The Simpsons-Character Quiz Level 1 - Statistics

General Stats
  • This quiz has been taken 79 times
    59 since last reset
  • The average score is 13 of 16
Answer Stats
Picture Answer % Correct
Bart Simpson
98%
Homer Simpson
98%
Lisa Simpson
98%
Marge Simpson
98%
Maggie Simpson
93%
Ned Flanders, Jr.
86%
Dr, Apu Nahasapeemapetilon, Jr.
82%
Moe Szyslak
82%
Charles Montgomery Burns
80%
Herschel Krustofsky
77%
Ralph Wiggum
75%
Edna Krabappel
73%
Waylon Smithers, Jr.
73%
Abe Simpson II
70%
Chief Clancy Wiggum
70%
Armin Tamzarian
55%
No matching quizzes found
Score Distribution
Percent of People with Each Score
Percentile by Number Answered
Your Score History
You have not taken this quiz since the last reset